000
00247nam a22001097a 4500
008
160506b xxu||||| |||| 00| 0 eng d
020
_a
0716642026
041
_a
eng
080
_a
61
245
_a
Medical encyclopedia:
_c
Your Guide;
942
_2
udc
_c
BK
999
_c
1846
_d
1846